[Event "Israel Championship 2021"]
[Site "Haifa"]
[Date "2021.03.15"]
[Round "9.2"]
[White "Birnboim, Nathan"]
[Black "Gorshtein, Ido"]
[Result "0-1"]
[WhiteElo "2381"]
[BlackElo "2387"]
[Annotator "TA"]
[PlyCount "180"]
[EventDate "2021.01.10"]
[EventType "swiss"]
[EventCountry "ISR"]
[SourceTitle "playchess.com"]
[Source "ChessBase"]
[SourceQuality "1"]

{[%evp 11,180,12,19,0,34,0,0,0,0,0,0,0,0,-18,-14,-33,-33,-31,-29,-35,-56,-147,-146,-154,-108,-121,-45,-54,-52,-57,-53,-41,-54,-43,-40,-74,-65,-96,-8,-3,-16,-29,-10,-48,-20,-43,-50,-54,-50,-145,-145,-138,-84,-311,-312,-307,-250,-258,-216,-210,-203,-197,-203,-331,-257,-243,-242,-226,-211,-554,-201,-199,-188,-175,-98,-222,-217,-191,-191,-215,-237,-314,-290,-282,-145,-150,-134,-147,-134,-136,-123,-156,-143,-176,-153,-236,-159,-174,-159,-166,-148,-170,-156,-145,-151,-254,-241,-243,-240,-382,-200,-160,-8,-8,-14,-14,-16,-9,0,0,-13,-12,-14,-26,-17,-7,-5,-25,-32,-22,-15,-15,-15,-20,-27,-158,-155,-143,-20,-59,-56,-114,-114,-108,-110,-215,-220,-229,-220,-1091,-1084,-639,-158,-158,-158,-5514,-5662,-5089,-3988,-29950,-6172,-4198,-5085,-29973,-29975,-29969,-2116,-6219,-5600,-4133,-1530]} 1. d4 f5 2. g3 Nf6 3. Bg2 g6 4. Nf3 Bg7 5. O-O O-O 6. b4 c6 7. c3 {[#] A81: Dutch Defence: 2 g3.} Kh8 $146 ({Predecessor:} 7... d6 8. Nbd2 Nbd7 9. Ng5 Nb6 10. Qb3+ d5 11. a4 h6 12. Ngf3 Kh7 13. a5 Nbd7 14. e3 Ne4 15. Nxe4 fxe4 {0-1 (28) Pitkanen,J (1852)-Saharinen,P (1791) Helsinki 2009}) 8. Nbd2 a5 9. Bb2 {The position is equal.} axb4 10. cxb4 Na6 11. Qb3 Nc7 12. a3 d6 13. Ne1 Be6 14. Qc2 Bd5 15. f3 Bg8 16. Nd3 (16. e4 $15) 16... Nfd5 $17 17. Kf2 f4 18. gxf4 Nxf4 (18... Nb5 $1 $17 {[%cal Rb5d4]} 19. Qc1 Nxd4) 19. Nxf4 $15 Rxf4 20. e3 Rh4 21. Kg1 Nd5 22. Rae1 g5 23. Ne4 h6 24. Qf2 e5 ({Black should try} 24... Bh7 $17) 25. dxe5 $11 dxe5 26. Rd1 Qe7 27. Rd3 Rf8 {Hoping for ...Rxe4!} 28. Qg3 Nb6 29. Rfd1 Bc4 30. Rd6 (30. R3d2 $1 $15) 30... Bd5 $17 31. Bh3 Qe8 (31... Nc4 $142 32. Rd7 Qe8) 32. Ba1 $2 (32. Nd2 $17 {is a better defense.}) 32... Nc4 $1 $19 33. Rd7 {[#]} ({Don't go for} 33. Bd7 $2 Qf7 $19) 33... Rxh3 $1 {[%mdl 576] Decoy} 34. Qxh3 {White wants to play Nd6.} Be6 35. Qf1 Bxd7 36. Qxc4 Rxf3 37. Nc5 (37. Rf1 $142 Rxe3 38. Nf6) 37... Bc8 38. Qe4 Rf8 39. Rf1 {intending Rxf8+.} Bh3 {[%csl Gh3][%cal Rf8f1]} 40. Rf3 {[#]} (40. Rf2) 40... Qd8 $1 41. Qd3 {[#]} b6 $1 $36 {[%cal Rb6c5][%mdl 2048] Black has strong initiative.} 42. e4 Bg4 (42... g4 $19 43. Rxf8+ Qxf8) 43. Rxf8+ (43. Nb7 $17 Qe8 44. Rxf8+ Qxf8 45. Qd8) 43... Qxf8 44. Nb3 Kh7 45. Nd2 b5 46. Bc3 Qf4 47. Kg2 Bh5 (47... Be6 $19 48. Qg3 Kg6) 48. Nf1 Bg6 49. Ng3 Qg4 50. Bd2 Qe6 51. Qc2 Qd7 52. Be3 Bf6 53. Qd2 (53. h3 $17) 53... Qe6 54. Qc1 Be7 55. Qd2 Kg8 56. h3 Kf7 57. Qf2+ Ke8 58. Bc5 (58. Bb6 $17 {was called for.}) 58... Bxc5 59. Qxc5 h5 $1 60. Qa7 (60. Qe3 {was worth a try.} h4 61. Nf1) 60... Qa2+ (60... h4 $142 61. Qa8+ Ke7 62. Nf5+ Bxf5 63. exf5 Qd5+ 64. Kf2 Qd2+ 65. Kf1 Qd1+ 66. Kf2 Qc2+ 67. Ke1 Qe4+ 68. Kd2 Qxf5) 61. Kg1 Qb1+ $2 ({Black should play} 61... Qa1+ $1 $17 62. Kg2 Qb2+ 63. Kf3 Qc3+ 64. Qe3 Qxe3+ 65. Kxe3 Ke7) 62. Kf2 $1 $11 Qc2+ 63. Ne2 $1 Qxe4 64. Qb8+ $1 Kd7 65. Qb7+ Ke6 66. Qc8+ Kf7 67. Qd7+ Kg8 68. Qd8+ Kg7 69. Qe7+ Bf7 {aiming for ...Qf5+.} 70. Qxg5+ Kh7 71. h4 Qd5 72. Ng3 Qd4+ 73. Qe3 (73. Kg2 $11 {keeps the balance.}) 73... Qxh4 $17 {Threatens to win with ...Qf6+.} 74. Qxe5 {[#]} Qh2+ (74... Kg6 $1 $17 75. Qf5+ Kg7) 75. Ke3 Qg1+ 76. Kf4 {[#]} ({Better is} 76. Kf3 $15) 76... Qc1+ $1 77. Kf5 {Kf6 is the strong threat.} Qh6 ({Don't play} 77... Qxa3 $6 78. Kf6 $11) 78. Qf4 (78. Qc7 $17 Qe6+ 79. Kf4) 78... h4 $19 {White must now prevent ...Qg6+.} 79. Qxh6+ Kxh6 {[%mdl 4096] Endgame KB-KN} 80. Nf1 $2 (80. Nh1) 80... h3 81. Kf4 Be6 $2 (81... Bc4 $19 82. Nh2 Be6) 82. Kg3 $17 Kg5 83. Kf3 $2 (83. Nd2 $17) 83... Kf5 $19 84. Nh2 Ke5 85. Ke3 Kd5 (85... Bd5 $142 86. Nf1 Kf5 87. Nh2 Kg5 88. Kf2 Kf4 89. Nf1 Be4 90. Ng3 h2 91. Nh5+ Kg5 92. Ng3 Bd5 93. Ke3 Kg4 94. Kf2 Kf4 95. Nh5+ Kg5 96. Ng3 Kg4 97. Nh1 Bxh1 98. Ke3 Bd5 99. Kd4 h1=Q 100. Kc5 Qg1+ 101. Kd6 Kf5 102. Kd7 Qa7+ 103. Kd8 Kf6 104. a4 Be6 105. axb5 Qe7#) 86. Kd3 Bf5+ 87. Kc3 Ke4 88. Kd2 Kd4 (88... Kf4 $142 89. Ke1 Kg3 90. Nf1+ Kf3 91. Nd2+ Kg2 92. Nf1 Bd3 93. Ne3+ Kf3 94. Kd2 Be4 95. Nf1 Kf2 96. Ne3 Bf3 97. Nc2 h2 98. Ne1 Be4 99. Nd3+ Bxd3 100. Kxd3 h1=Q 101. Kd4 Qd5+ 102. Kc3 Ke3 103. Kb2 Qg2+ 104. Kb3 Kd3 105. a4 Qc2+ 106. Ka3 bxa4 107. b5 Qb3#) 89. Nf1 Bg6 90. Nh2 Kc4 {Weighted Error Value: White=0.39/Black=0.29} (90... Ke4 $142 91. Ke2 Kd4 92. Nf3+ Kc4) 0-1

[Event "Israel Championship 2021"]
[Site "Haifa"]
[Date "2021.03.15"]
[Round "9.3"]
[White "Nabaty, Tamir"]
[Black "Solomon, Asif"]
[Result "1-0"]
[WhiteElo "2638"]
[BlackElo "2356"]
[Annotator "TA"]
[PlyCount "153"]
[EventDate "2021.01.10"]
[EventType "swiss"]
[EventCountry "ISR"]
[SourceTitle "playchess.com"]
[Source "ChessBase"]
[SourceQuality "1"]

{[%evp 11,153,-12,-11,-12,0,-8,-8,-8,2,5,1,2,11,0,0,-4,90,85,96,20,31,27,25,16,18,19,24,12,14,0,8,-16,12,0,31,23,23,0,0,0,83,83,97,97,91,91,88,108,77,78,85,32,63,-35,-28,-31,-40,-29,-7,-18,0,0,0,0,0,0,0,-20,-19,-21,0,0,0,0,0,0,0,0,0,0,0,0,0,0,0,0,0,0,0,0,0,0,0,0,0,0,0,0,0,0,0,0,0,0,0,0,0,0,0,0,0,0,0,0,0,0,0,0,322,322,322,333,337,329,329,315,29966,29967,29973,29971,29973,29971,29978,29978,29981,29982,29982,29983,29983,29984,29984,29985,29985,29986]} 1. d4 Nf6 2. c4 e6 3. Nf3 d5 4. e3 b6 5. cxd5 exd5 6. Nc3 Bd6 7. b3 $5 {[%mdl 4] Exploring less charted territory. D35: Queen's Gambit Declined: Exchange Variation.} O-O 8. Bb2 Bb7 9. Rc1 {The position is equal.} a6 10. g3 Nbd7 11. Bg2 Qe7 12. O-O Rfe8 13. Nd2 $5 {[%mdl 4] [#] A promising side line.} Ba3 $146 (13... Ne4 $11 {keeps the balance.}) ({Predecessor:} 13... Rad8 14. Qc2 c5 15. dxc5 bxc5 16. Rfd1 Nb6 17. Nf3 Bb8 18. Ba3 Rc8 19. Ne2 Ne4 {1-0 (28) Nakamura,H (2746)-Ganguly,S (2615) Kolkata 2018}) 14. Bxa3 $16 Qxa3 15. Qc2 (15. g4 $1 $16 {[%cal Rg4g5]}) 15... Qe7 16. Qf5 {[%cal Rc3d5]} g6 17. Qf4 Nf8 18. Qh4 Ne6 19. g4 Rad8 20. f4 Ng7 21. Rf2 h5 22. h3 Nh7 23. Qxe7 Rxe7 24. Nf1 Nf6 25. Bf3 Bc8 (25... hxg4 $11 {remains equal.} 26. hxg4 Nfe8) 26. g5 Ne4 27. Nxe4 dxe4 28. Bg2 Nf5 29. Rfc2 Rdd7 30. b4 Bb7 31. Rc3 (31. h4 $16) 31... Kf8 32. Nd2 (32. h4 $14) 32... c5 $1 $15 {[%cal Rc5d4]} 33. bxc5 bxc5 34. d5 Bxd5 35. Kf2 c4 36. Bf1 Nd6 37. a4 Kg7 38. Ke1 Rb7 39. Bxc4 (39. Nxc4 {with more complications.} Nf5 40. Rd1 Be6 41. Nd6 Nxd6 42. Rxd6 Rb1+ 43. Rd1) 39... Nxc4 40. Nxc4 Bxc4 41. Rxc4 $11 {[%mdl 4096] Endgame KRR-KRR} Rb2 42. R4c2 Rb3 43. Rc3 Rb2 (43... Reb7 {keeps more tension.} 44. h4 a5 45. Rxb3 Rxb3 46. Kd2 Rb4) 44. R1c2 Rb1+ 45. Kf2 Rd7 46. Rc4 Rh1 47. Kg2 Rdd1 48. Rxe4 Rdf1 49. h4 Rhg1+ 50. Kh2 Rg4 51. Re8 Rxh4+ 52. Kg2 {Intending Rcc8 and mate.} Rhh1 $1 53. Rf2 Rxf2+ (53... Rb1 {feels hotter.} 54. Rc2 Rhg1+ 55. Kf3 Rgf1+ 56. Kg2 Rg1+) 54. Kxf2 {Threatening Ra8. KR-KR} Ra1 55. Re4 $1 Ra2+ 56. Kf3 Kf8 57. Rc4 Ra3 58. Rb4 Ke7 59. Ke4 Ra1 60. Ke5 Rc1 61. e4 h4 62. f5 h3 {aiming for ...h2.} 63. f6+ Kd7 {...h2 is the strong threat.} 64. Rb7+ Kc6 $2 {[%mdl 8192]} (64... Ke8 $11 65. Rb8+ Kd7) 65. Rxf7 $18 h2 66. Rh7 h1=Q 67. Rxh1 Rxh1 {KR-KP} 68. Ke6 Rf1 $2 (68... Rh4 $18 69. e5 Rxa4) 69. e5 $1 {White mates.} Rf5 {[#]} 70. f7 $1 Kc5 71. Ke7 Kd5 {[#]} 72. e6 $1 Ke5 73. a5 Rf4 74. f8=Q Rxf8 75. Kxf8 Kxe6 76. Kg7 Kf5 77. Kh6 {Weighted Error Value: White=0.09/Black=0.10} 1-0

[Event "Israel Championship 2021"]
[Site "Haifa"]
[Date "2021.03.15"]
[Round "9.4"]
[White "Parkhov, Yair"]
[Black "Smirin, Ilia"]
[Result "1/2-1/2"]
[WhiteElo "2407"]
[BlackElo "2614"]
[Annotator "TA"]
[PlyCount "84"]
[EventDate "2021.01.10"]
[EventType "swiss"]
[EventCountry "ISR"]
[SourceTitle "playchess.com"]
[Source "ChessBase"]
[SourceQuality "1"]

{[%evp 9,84,28,44,18,79,71,65,67,81,0,0,0,4,8,29,-5,-1,-29,-39,-35,-33,-69,-42,-55,-49,-56,10,0,0,8,13,0,0,-11,-11,-8,0,0,12,-33,-6,-15,0,12,12,12,12,12,12,20,20,0,0,0,0,-139,0,-89,-83,-95,-95,-108,-102,-111,-129,-129,-111,-199,-163,-179,-204,-211,-182,-165,-8,-8,0]} 1. d4 g6 2. e4 Bg7 3. Nc3 d6 4. Be3 a6 5. g4 Nc6 6. d5 {[#] B06: Modern Defence.} Ne5 $146 (6... Bxc3+ $11 {remains equal.} 7. bxc3 Na5) ({Predecessor:} 6... Na7 7. h4 h5 8. gxh5 Rxh5 9. Be2 Rh8 10. Qd2 c5 11. dxc6 Nxc6 12. Nf3 Bg4 {0-1 (58) Dvirnyy,D (2485)-Rombaldoni,D (2477) Premium Chess Arena INT 2020}) 7. h3 $16 c5 8. f4 {White is slightly better.} Nd7 9. Qd2 (9. a4 $16) 9... b5 $11 10. Nge2 b4 11. Nd1 h5 12. gxh5 Ngf6 13. Ng3 Nxh5 14. Nxh5 Rxh5 15. Be2 Rh8 16. a3 Nf6 17. Bf3 Rb8 (17... Qa5 $15) 18. axb4 $1 Rxb4 19. Qg2 Kf8 20. c3 Rb8 21. h4 Qd7 22. Rg1 Rxh4 23. f5 $1 Qe8 24. Bg5 (24. e5 $5 Nd7 25. e6 $11) 24... Rh8 25. Bf4 Bh6 26. Rh1 Kg7 27. Rxh6 Rxh6 28. Bxh6+ Kxh6 29. Ne3 Kg7 30. O-O-O {aiming for Rh1.} Qa4 31. Kb1 Qb3 $36 {[%mdl 2048] White must now prevent ...Qxc3. Black has the initiative.} 32. fxg6 {[#]} (32. Qd2 $11) 32... Bh3 $1 {[%mdl 512]} 33. Nf5+ (33. Qd2 $1 $11 fxg6 34. Rh1) 33... Bxf5 $17 34. exf5 {Strongly threatening Rh1.} Qxc3 $1 35. gxf7+ {[#]} Kf8 $1 36. Rg1 {[%csl Gg1][%cal Rg2g7] [#]} Rxb2+ $1 {[%mdl 512]} 37. Qxb2 {White wants to mate with Qb8+.} Qxf3 {KQR-KQN} 38. Qb8+ (38. Qg2 $17 Qxf5+ 39. Kb2 Kxf7 40. Rd1) 38... Kxf7 $19 39. Qc8 {intending Qe6+.} Qb3+ 40. Ka1 Qxd5 {And now ...Qd4+ would win.} 41. Rg6 a5 $2 (41... Ne8 $19 {Threatens to win with ...Ng7.} 42. Qe6+ Qxe6 43. Rxe6 Ng7) 42. Qh8 $11 {[%csl Gh8][%cal Rg6g7]} Qd1+ {Weighted Error Value: White=0.23/Black=0.25} 1/2-1/2

[Event "Israel Championship 2021"]
[Site "Haifa"]
[Date "2021.03.15"]
[Round "9.5"]
[White "Boruchovsky, Avital"]
[Black "Postny, Evgeny"]
[Result "1-0"]
[WhiteElo "2541"]
[BlackElo "2605"]
[Annotator "TA"]
[PlyCount "123"]
[EventDate "2021.01.10"]
[EventType "swiss"]
[EventCountry "ISR"]
[SourceTitle "playchess.com"]
[Source "ChessBase"]
[SourceQuality "1"]

{[%evp 17,123,33,49,27,43,14,43,19,26,33,21,20,22,11,11,11,16,8,8,4,8,0,6,1,6,4,14,0,12,18,27,0,26,37,40,19,19,12,12,0,0,0,7,7,12,0,8,8,8,0,0,0,0,0,0,0,8,8,8,0,0,0,8,0,0,0,0,0,0,0,0,0,0,0,0,0,0,0,0,0,0,0,0,0,0,0,0,0,0,0,742,741,661,8,599,8,0,0,0,8,29976,29976,29971,29971,29980,29981,29979,29979]} 1. Nf3 d5 2. g3 Nf6 3. Bg2 e6 4. O-O c5 5. d4 Be7 6. c4 O-O 7. cxd5 Nxd5 8. Nc3 Nxc3 9. bxc3 Nc6 10. Be3 {A34: Symmetrical English: 2 Nc3, lines with ...d5.} cxd4 11. Nxd4 (11. cxd4 {seems wilder.} Qa5 12. Bd2 Qh5 13. e3 Rd8 14. Rc1) 11... Nxd4 (11... Ne5 {keeps more tension.} 12. Rb1 Ng4 13. Qd3 Qc7 14. Nb5 Qb8) 12. cxd4 {White is slightly better.} (12. Qxd4 {is more complex.} Qa5 13. a4 Rd8 14. Qc4 Bf6 15. Rab1) 12... Bd6 {[#]} 13. a4 $146 ({Predecessor:} 13. f4 Rb8 14. d5 b6 15. Qb3 exd5 16. Bxd5 Bb7 17. Rad1 Qe7 18. Bxb7 Rxb7 19. Rd5 {½-½ (53) Vaganian,R (2630)-Meins,G (2450) Germany 1998}) 13... Rb8 14. Qd3 b6 15. Rfd1 Qe7 16. Bc6 Rd8 17. Rac1 h6 18. f3 Bb7 19. Qb5 Rdc8 {Hoping for ...a6.} 20. Bxb7 Qxb7 21. Rxc8+ Rxc8 22. d5 {aiming for dxe6.} exd5 23. Rxd5 Qc6 24. Kg2 (24. Kf2 {with more complications.} Qxb5 25. axb5 Be7 26. h4 Rc7 27. Bf4) 24... Bf8 (24... Bc5 $5 {[%cal Rc6d5]} 25. Qxc6 Rxc6 26. Bxc5 bxc5 $11) 25. Qxc6 Rxc6 $11 {[%mdl 4096] Endgame KRB-KRB} 26. Rd8 f6 27. Ra8 Rc7 28. Bd2 {Threatening Bb4.} Kf7 29. Bf4 Rb7 30. h4 h5 31. e4 Bc5 32. Rh8 Kg6 33. g4 hxg4 34. fxg4 Rd7 35. h5+ Kf7 36. Rc8 a5 37. e5 Rd4 38. Kf3 Rxa4 39. Rc7+ Kg8 40. Rc8+ Kf7 41. exf6 gxf6 42. h6 Kg6 43. Rg8+ Kh7 44. Rg7+ Kh8 45. Rd7 Bd4 46. Bd6 (46. Rd8+ {looks sharper.} Kh7 47. Rd7+ Kh8) 46... Bc5 (46... Rc4 {feels hotter.} 47. Bf4 b5 48. Rd8+ Kh7 49. Rd7+ Kg8) 47. Bxc5 bxc5 {[%cal Bb6c5,Bc5c4,Bc4c3,Bc3c2][%mdl 32] KR-KR} 48. Rf7 Ra1 49. Kg2 Rd1 50. Rxf6 Rd5 51. Kg3 {Black must now prevent Kf4.} c4 52. Kh4 {Strongly threatening g5.} c3 53. g5 Kh7 {[%mdl 8192]} (53... c2 $11 54. Rc6 Rd1 55. Rxc2 Kh7 56. Rc7+ Kg6) 54. Rf7+ $18 Kg6 55. Rg7+ Kf5 {[#]} 56. Kh5 $2 (56. h7 $1 $18 {[%cal Rh7h8]} Rd4+ 57. Kh5) 56... c2 $1 $11 {[%cal Rc2c1]} 57. Rc7 Rd2 {[%cal Rd2h2]} 58. Rc5+ {[%mdl 64] Double Attack} Ke6 $2 {[%mdl 8192]} (58... Ke4 $11) 59. Kg6 {White mates.} Kd6 60. Rc3 a4 61. h7 Rh2 {[#]} 62. Rxc2 $1 {[%mdl 512] Weighted Error Value: White=0.22/Black=0.20} 1-0

[Event "Israel Championship 2021"]
[Site "Haifa"]
[Date "2021.03.15"]
[Round "9.6"]
[White "Sokolovsky, Yahli"]
[Black "Gorodetsky, David"]
[Result "0-1"]
[WhiteElo "2472"]
[BlackElo "2495"]
[Annotator "TA"]
[PlyCount "62"]
[EventDate "2021.01.10"]
[EventType "swiss"]
[EventCountry "ISR"]
[SourceTitle "playchess.com"]
[Source "ChessBase"]
[SourceQuality "1"]

{[%evp 20,62,10,0,11,14,22,0,25,-25,-19,-33,-23,-29,-36,-23,-18,-63,-52,-56,-59,-95,-121,-99,-97,-165,-164,-152,-154,-175,-185,-185,-173,-182,-167,-374,-372,-774,-740,-29967,-6495,-29958,-5502,-29991,-29992]} 1. e4 c6 2. d4 d5 3. Nc3 dxe4 4. Nxe4 Bf5 5. Ng3 Bg6 6. h4 h6 7. h5 Bh7 8. Nf3 Nf6 9. Bd3 Bxd3 10. Qxd3 e6 11. Bd2 Qb6 {B19: Classical Caro-Kann: 4...Bf5 main line.} 12. O-O-O Qa6 13. Qb3 Nbd7 {[#] The position is equal.} 14. Rh4 $146 ({Predecessor:} 14. Kb1 Bd6 15. Ne5 Qb5 16. Nxd7 Kxd7 17. Qf3 Rad8 18. Ne4 Nxe4 19. Qxe4 Kc8 20. g4 {½-½ (40) Novita,A (2381)-Hari,M (2280) Penang 2019}) 14... Be7 15. Ne4 Nd5 16. Rh3 c5 17. dxc5 Rc8 {[%cal Ba8c8,Bc8c5,Bc5c4,Bc4c2][%mdl 32]} 18. Nd4 Nxc5 19. Nxc5 Rxc5 20. a3 O-O 21. Rg3 {[#] Bxh6 is the strong threat.} Kh8 $1 22. Rg4 (22. Qd3 $17 {was called for.}) 22... Rfc8 {Strongly threatening ...e5.} 23. Kb1 Bf6 24. Re1 Rc4 25. Ree4 Bxd4 26. Rxd4 Rxc2 {White must now prevent ...Qf1+.} 27. Qd3 (27. Rd3) 27... Qb6 $19 {[%csl Gc2][%cal Rb6b2] [#]} 28. Bb4 $2 (28. b4) 28... a5 {[%cal Ba7a5,Ba5b4][%mdl 32]} 29. Rxg7 Kxg7 30. Rg4+ Kh8 31. Qg3 axb4 {Weighted Error Value: White=1.24/Black=0.02} 0-1

[Event "Israel Championship 2021"]
[Site "Haifa"]
[Date "2021.03.15"]
[Round "9.7"]
[White "Kochavi, Ori"]
[Black "Rechlis, Gad"]
[Result "1/2-1/2"]
[WhiteElo "2273"]
[BlackElo "2513"]
[Annotator "TA"]
[PlyCount "95"]
[EventDate "2021.01.10"]
[EventType "swiss"]
[EventCountry "ISR"]
[SourceTitle "playchess.com"]
[Source "ChessBase"]
[SourceQuality "1"]

{[%evp 10,95,29,26,43,33,29,23,31,20,42,37,32,0,58,51,38,23,34,33,39,29,31,31,41,24,32,39,47,46,61,44,44,44,47,50,60,62,69,73,82,68,110,53,62,80,70,73,238,229,214,223,275,282,262,226,459,440,425,339,296,283,783,735,707,593,595,580,546,533,527,573,556,564,505,425,420,384,483,0,0,0,0,0,0,0,0,0]} 1. e4 c5 2. Nf3 Nc6 3. Bb5 e6 4. O-O Nge7 5. d4 cxd4 6. Nxd4 Nxd4 {6...Ng6 is a critical line. B30: Sicilian: 2...Nc6 3 Bb5, lines without ...g6.} 7. Qxd4 a6 8. Be2 Nc6 {White has an edge.} 9. Qe3 Be7 10. c4 O-O 11. Nc3 d6 (11... f5 $11) 12. Rd1 {[#]} e5 $146 ({Predecessor:} 12... Qc7 13. b3 Nb8 14. Ba3 Nd7 15. Rac1 b6 16. Qg3 Nc5 17. b4 Nb7 18. c5 bxc5 19. bxc5 {½-½ (59) Serra Pages,J-Pereira,F Portugal 1994}) 13. Bd3 Bg4 14. f3 Be6 15. b3 Rc8 16. Nd5 Bxd5 17. exd5 Nd4 18. Bb2 Bg5 19. Qf2 Qf6 20. Rf1 {aiming for f4!} Qh6 {Threatens to win with ...Be3.} 21. Bxd4 exd4 22. f4 Bd8 23. Rae1 (23. Qxd4 Bf6 $17) 23... Ba5 24. Re7 (24. Qxd4 Bxe1 25. Rxe1 Rfe8 $17) 24... Bc3 25. Qe2 Qf6 26. Rf3 (26. Rxb7 $16 Rfe8 27. Qg4) 26... Rfd8 27. Rh3 h6 28. Rh5 $36 {[%mdl 2048] And now Rf5 would win. White is really pushing.} (28. Rxb7 $6 Re8 $11) 28... Kf8 $2 {[#]} (28... g6 $16 29. Rxh6 Qxf4) 29. Rxf7+ $3 $18 {[%mdl 512]} Qxf7 30. Rf5 Rc7 31. Qg4 (31. Rxf7+ $6 Rxf7 32. g3 Rf6 $16) 31... Bb4 32. h4 ({Don't do} 32. Rxf7+ $6 Rxf7 33. g3 Rf6 $16) 32... Rdd7 $2 (32... Re8 {might work better.} 33. Qg6 {[%mdl 64] Pin} (33. Rxf7+ Rxf7 34. Bg6 Re1+ 35. Kh2 Rc7 $18) 33... Bc5) 33. Qg6 ({Weaker is} 33. Rxf7+ Rxf7 34. g3 Ke7 $16) 33... Qxf5 34. Bxf5 Rf7 35. Qh7 Rf6 $2 (35... d3 36. Bxd3 Rxf4) 36. Qh8+ Kf7 37. Be6+ Rxe6 38. dxe6+ Kxe6 {[%mdl 4096] Endgame KQ-KRB} 39. Qg8+ Rf7 40. Qc8+ Rd7 41. f5+ Ke7 42. Kf2 d3 43. g4 Bc3 {intending ...d2.} 44. Ke3 (44. g5 $18) 44... d2 $11 {The position is equal.} 45. Ke2 {Black must now prevent g5.} Rd8 $1 {[%cal Rd8c8]} 46. Qc7+ Rd7 47. Qc8 {g5 is the strong threat.} Rd8 $1 {[%cal Rd8c8]} 48. Qc7+ {Weighted Error Value: White=0.23/Black=0.21} 1/2-1/2

[Event "Israel Championship 2021"]
[Site "Haifa"]
[Date "2021.03.15"]
[Round "9.8"]
[White "Iliaguev, Nisim"]
[Black "Steinberg, Nitzan"]
[Result "0-1"]
[WhiteElo "2332"]
[BlackElo "2553"]
[Annotator "TA"]
[PlyCount "108"]
[EventDate "2021.01.10"]
[EventType "swiss"]
[EventCountry "ISR"]
[SourceTitle "playchess.com"]
[Source "ChessBase"]
[SourceQuality "1"]

{[%evp 12,108,0,-13,-9,-8,16,14,13,0,53,6,107,57,127,42,59,56,58,61,60,56,56,61,58,63,86,81,54,45,33,0,15,0,16,0,12,-7,0,-18,-19,-91,-102,-82,-101,-107,-99,-151,-137,-145,-143,-141,-145,-235,-228,-235,-225,-244,-248,-234,-226,-221,-245,-229,-224,-234,-225,-237,-221,-354,-260,-259,-14,-10,-23,-89,-86,-66,-68,-88,-96,-276,-319,-445,-430,-418,-398,-1064,-788,-1201,-1041,-862,-870,-1129,-1091,-854,-831,-29982,-29983]} 1. d4 Nf6 2. Nf3 d5 3. c4 e6 4. Nc3 c6 5. g3 Nbd7 6. Bg2 dxc4 7. a4 a5 {E01: Catalan: Early deviations.} 8. O-O Nd5 $5 {[%mdl 4] Leaves trodden paths.} 9. e4 Nb4 {The position is equal.} 10. Qe2 b6 {[#]} (10... e5 $11) 11. d5 $146 (11. Qxc4 Ba6 $17) ({Predecessor:} 11. Rd1 Bb7 12. d5 e5 13. dxc6 Nxc6 14. Bh3 Bc8 15. Qxc4 Bc5 16. Qd5 Ndb8 {1-0 (16) Zontakh,A (2545)-Katsman,M (2278) Kiev 2007}) 11... Nc5 (11... Bc5 $11) 12. Be3 Be7 (12... exd5 $2 13. exd5 Be7 14. Bxc5 $18) (12... Ba6 $14) 13. Nd4 (13. Ne5 $1 $16) 13... Bd7 (13... cxd5 $6 14. exd5 Bd7 15. dxe6 $16 (15. Qxc4 Rc8 $14)) 14. Qxc4 cxd5 15. exd5 Rc8 16. dxe6 fxe6 17. Qe2 O-O 18. Rfd1 Qe8 {[%cal Rc5a4]} 19. Ndb5 Bc6 20. Bxc6 Rxc6 (20... Qxc6 $2 21. Na7 $18) 21. Nd4 Rc8 22. Ndb5 Qg6 23. Nd6 Rc6 24. Ndb5 h5 25. Nd4 Rcc8 26. Qb5 (26. Nf3 $11) 26... e5 $17 27. Nde2 Qe6 28. Rac1 h4 29. Bxc5 (29. gxh4 $142 e4 30. Ng3) 29... Bxc5 30. Ne4 Qf5 $36 {[%cal Rc5f2][%mdl 2112] Double Attack. Black is really pushing.} 31. Qc4+ Rf7 $1 {[%cal Rc5f2]} 32. Nxc5 (32. Kf1 $17) 32... Qxf2+ $19 {[%mdl 64] Double Attack, Pin} 33. Kh1 Qf3+ (33... bxc5 $2 34. Rf1 $18) (33... Qxc5 $2 34. Qe6 $18 (34. Qxh4 Nc2 $16)) 34. Kg1 h3 {[%csl Gh3][%cal Rf3g2]} ({Not} 34... bxc5 35. Rf1 $15) ({Weaker is} 34... Rxc5 35. Rd8+ Kh7 36. Qxh4+ Kg6 37. Rd6+ Rf6 38. Rxf6+ Qxf6 39. Qg4+ Qg5 40. Qe6+ Qf6 41. Qg4+ Qg5 42. Qe6+ Qf6 43. Qg4+ $11) 35. Qe4 {Black must now prevent Qxf3.} bxc5 36. Qxf3 Rxf3 37. Rc3 Rcf8 38. Rxf3 Rxf3 {[%mdl 4096] Endgame KRN-KRN} 39. Nc3 {[#]} Nd3 $1 40. Ne4 (40. b3 {was the only chance.}) 40... Re3 ({Less strong is} 40... Nxb2 41. Rd8+ Rf8 42. Rd2 $17) 41. Ng5 Re1+ $2 ({Black should play} 41... c4 $19 {aiming for ...Re2.} 42. Kf1 Kf8) 42. Rxe1 $11 Nxe1 {KN-KN} 43. Kf1 (43. b3 $11 {remains equal.}) 43... Nd3 $17 44. b3 Nc1 45. Nf3 {[#]} Kf7 $1 {[%cal Rf7e6] Strongly threatening ...Ke6.} 46. Nxe5+ $2 {White does not recover from this.} (46. Nd2 $17 {was the only defense.}) 46... Ke6 $19 47. Nc4 Nxb3 48. Ke2 Kd5 49. Ne3+ (49. Kd3 Nc1+ 50. Kc3) 49... Ke4 50. Nc4 Kd4 51. Nd6 c4 52. Nf5+ Ke4 53. Nd6+ Kd5 54. Nf5 Nd4+ {Weighted Error Value: White=0.66/Black=0.22} 0-1